[Rezension von: Sabine Martius / Sibylle Ruß (Hrsg.), Historische Textilien]
Saved in:
| Published in: | Kunstform 3(2002), 12 |
|---|---|
| Main Author: | |
| Document Type: | Online Resource Article |
| Language: | German |
| Published: |
2002
|
| Subjects: | |
| Online Access: | kostenfrei |
| Related Items: | Enthalten in:
Kunstform Rezension von: Historische Textilien |
| Author Notes: | rezensiert von Katja Schmitz-von Ledebur |
| LEADER | 01732caa a2200349 c 4500 | ||
|---|---|---|---|
| 001 | 1920625410 | ||
| 003 | DE-627 | ||
| 005 | 20260418202006.0 | ||
| 007 | cr uuu---uuuuu | ||
| 008 | 250326s2002 xx |||||oo 00| ||ger c | ||
| 035 | |a (DE-627)1920625410 | ||
| 035 | |a (DE-599)KXP1920625410 | ||
| 035 | |a (OCoLC)1533747447 | ||
| 040 | |a DE-627 |b ger |c DE-627 |e rda | ||
| 041 | |a ger | ||
| 084 | |a KUNST |q DE-16 |2 fid | ||
| 100 | 1 | |a Schmitz-von Ledebur, Katja |d 1967- |e VerfasserIn |0 (DE-588)123882966 |0 (DE-627)085500585 |0 (DE-576)185095917 |4 aut | |
| 245 | 1 | 0 | |a [Rezension von: Sabine Martius / Sibylle Ruß (Hrsg.), Historische Textilien] |c rezensiert von Katja Schmitz-von Ledebur |
| 264 | 1 | |c 2002 | |
| 300 | |b Illustrationen | ||
| 336 | |a Text |b txt |2 rdacontent | ||
| 337 | |a Computermedien |b c |2 rdamedia | ||
| 338 | |a Online-Ressource |b cr |2 rdacarrier | ||
| 655 | 7 | |a Rezension |0 (DE-588)4049712-4 |0 (DE-627)106186019 |0 (DE-576)209083166 |2 gnd-content | |
| 773 | 0 | 8 | |i Enthalten in |t Kunstform |d München : Ludwig-Maximilians-Universität München, Institut für Kunstgeschichte, 2000 |g 3(2002), 12 |h Online-Ressource |w (DE-627)382929004 |w (DE-600)2140180-9 |w (DE-576)281244731 |x 1618-7199 |7 nnas |
| 773 | 1 | 8 | |g volume:3 |g year:2002 |g number:12 |
| 787 | 0 | 8 | |i Rezension von |t Historische Textilien |d Nürnberg : Verl. des Germanischen Nationalmuseums, 2002 |h 279 Seiten |w (DE-627)354643002 |w (DE-576)100753590 |z 3926982799 |
| 856 | 4 | 0 | |u https://www.arthistoricum.net/kunstform/rezension/ausgabe/2002/12/3447 |x Verlag |z kostenfrei |3 Volltext |7 0 |
| 951 | |a AR | ||
| 994 | |u https://www.arthistoricum.net/themen/rezensionen/kunstform/rezension/ausgabe/2002/12/3447 | ||
| 991 | |a Rezension (Monographie, Zeitschrift, Aufsatz) | ||
| 999 | |a KXP-PPN1920625410 |e 495389006X | ||


